[Event "Arvier Grand Paradis op-B"]
[Site "Arvier"]
[Date "2016.07.29"]
[Round "6"]
[White "Debernardi, Marco"]
[Black "Vinciguerra, Riccardo"]
[Result "1-0"]
[WhiteElo "1693"]
[BlackElo "1511"]
[PlyCount "119"]
[EventDate "2016.07.24"]
[EventType "swiss"]
[EventRounds "6"]
[EventCountry "ITA"]
[SourceTitle "EXT 2017"]
[Source "ChessBase"]
[SourceDate "2016.10.25"]
[SourceVersion "1"]
[SourceVersionDate "2016.10.25"]
[SourceQuality "1"]

1. e4 d5 2. exd5 Qxd5 3. Nc3 Qd6 4. Nf3 Nf6 5. Bc4 Bg4 6. d4 c6 7. 0-0 e6 8. Bg5 Be7 9. Qd3 Bxf3 10. Qxf3 Qxd4 11. Bb3 0-0 12. Rad1 Qc5 13. Bxf6 Bxf6 14. Ne4 Qe7 15. Nxf6+ Qxf6 16. Qxf6 gxf6 17. Rd6 Na6 18. Rfd1 Nc5 19. Bc4 Rac8 20. b4 b5 21. bxc5 bxc4 22. Kf1 a5 23. R1d4 f5 24. Rxc4 Rfd8 25. Ke2 Kg7 26. Rcd4 Rxd6 27. cxd6 Rd8 28. Kd2 Kf6 29. Kc3 e5 30. Ra4 Rxd6 31. Rxa5 e4 32. Rc5 f4 33. Rc4 Ke5 34. Rc5+ Ke6 35. Rh5 Rd1 36. Rxh7 e3 37. fxe3 fxe3 38. Rh3 f5 39. Rxe3+ Kf6 40. h3 Ra1 41. Kb2 Rg1 42. Re2 f4 43. a4 Rh1 44. Kc3 f3 45. Rf2 Ke5 46. Rxf3 Kd6 47. Rg3 Kc7 48. Kb4 Kb6 49. a5+ Ka6 50. Kc5 Rc1 51. c3 Kxa5 52. Kxc6 Rc2 53. h4 Rf2 54. Rg5+ Ka4 55. Rg4+ Kb3 56. c4 Rf6+ 57. Kd5 Rf5+ 58. Kd6 Rf1 59. c5 Rd1+ 60. Kc6 1-0

[Event "Arvier Grand Paradis op-B"]
[Site "Arvier"]
[Date "2016.07.27"]
[Round "4"]
[White "Debernardi, Marco"]
[Black "Piazza, Giacomo"]
[Result "1-0"]
[WhiteElo "1693"]
[BlackElo "1504"]
[PlyCount "59"]
[EventDate "2016.07.24"]
[EventType "swiss"]
[EventRounds "6"]
[EventCountry "ITA"]
[SourceTitle "EXT 2017"]
[Source "ChessBase"]
[SourceDate "2016.10.25"]
[SourceVersion "1"]
[SourceVersionDate "2016.10.25"]
[SourceQuality "1"]

1. e4 d5 2. exd5 Nf6 3. d4 Nxd5 4. Nf3 Bg4 5. Be2 e6 6. 0-0 Be7 7. c4 Nf6 8. Nc3 0-0 9. Bf4 c6 10. Qb3 b6 11. Rad1 a5 12. a3 Nbd7 13. Qc2 Qc8 14. Rd2 Bf5 15. Qd1 Rd8 16. d5 Ne4 17. Nxe4 Bxe4 18. dxe6 fxe6 19. Re1 Bf5 20. Ne5 Ra7 21. Bf3 Nxe5 22. Rxd8+ Bxd8 23. Bxe5 Rd7 24. Qa4 b5 25. cxb5 cxb5 26. Qxb5 Bd3 27. Qc6 Ba6 28. Qxe6+ Rf7 29. Qe8+ Rf8 30. Bd5+ 1-0

[Event "Pescia op-A 5th"]
[Site "Pescia"]
[Date "2013.10.13"]
[Round "5"]
[White "Militello, Michele"]
[Black "Debernardi, Marco"]
[Result "1/2-1/2"]
[WhiteElo "1803"]
[BlackElo "1705"]
[PlyCount "84"]
[EventDate "2013.10.11"]
[EventType "swiss"]
[EventRounds "5"]
[EventCountry "ITA"]
[SourceTitle "EXT 2015"]
[Source "ChessBase"]
[SourceDate "2014.11.20"]
[SourceVersion "1"]
[SourceVersionDate "2014.11.20"]
[SourceQuality "1"]

1. d4 d5 2. Nf3 Nf6 3. e3 e6 4. Bd3 c5 5. b3 Nc6 6. 0-0 cxd4 7. exd4 Be7 8. Bb2 0-0 9. a3 a6 10. Nbd2 Bd7 11. Ne5 Rc8 12. Qf3 Be8 13. Qh3 h6 14. Kh1 Ne4 15. Nxe4 dxe4 16. Bxe4 Qb6 17. Nxc6 Bxc6 18. Bxc6 Rxc6 19. c4 Bf6 20. c5 Qb5 21. Rae1 Rcc8 22. a4 Qc6 23. d5 exd5 24. Bxf6 Qxf6 25. Qe3 d4 26. Qe5 Qxe5 27. Rxe5 Rfd8 28. Rd1 f6 29. Re7 Rxc5 30. Rxb7 d3 31. Kg1 Rc2 32. Re7 d2 33. Kf1 Rb2 34. Re3 Kf7 35. Ke2 Rb8 36. Rxd2 R8xb3 37. Rxb2 Rxb2+ 38. Kf3 Rb4 39. Re4 Rb3+ 40. Ke2 Rb2+ 41. Kf3 Rb3+ 42. Re3 Rb4 1/2-1/2

[Event "Giovanni Pico Cup 5th"]
[Site "Mirandola"]
[Date "2012.01.15"]
[Round "5"]
[White "Rubbiani, Samuel"]
[Black "Debernardi, Marco"]
[Result "0-1"]
[WhiteElo "1614"]
[BlackElo "1701"]
[PlyCount "58"]
[EventDate "2012.01.13"]
[EventType "swiss"]
[EventRounds "5"]
[EventCountry "ITA"]
[SourceTitle "EXT 2023"]
[Source "ChessBase"]
[SourceDate "2022.10.05"]
[SourceVersion "1"]
[SourceVersionDate "2022.10.05"]
[SourceQuality "1"]

1. e4 c5 2. Nc3 Nc6 3. g3 g6 4. Bg2 Bg7 5. d3 d6 6. f4 Nf6 7. Nf3 0-0 8. 0-0 Bg4 9. Be3 a6 10. Qd2 Qd7 11. e5 Ne8 12. exd6 exd6 13. Nd5 Rb8 14. c4 b5 15. Rab1 Nf6 16. Nxf6+ Bxf6 17. Ng5 Bf5 18. Ne4 Bg7 19. cxb5 axb5 20. Nc3 Rfe8 21. Nd5 Nd4 22. Kh1 Bh3 23. Bxd4 Bxd4 24. Rfe1 Bxg2+ 25. Qxg2 Kg7 26. Re2 Rxe2 27. Qxe2 Re8 28. Qd2 Qg4 29. Re1 Rxe1+ 0-1

[Event "Giovanni Pico Cup 5th"]
[Site "Mirandola"]
[Date "2012.01.14"]
[Round "3"]
[White "Debernardi, Marco"]
[Black "Caramaschi, Vincenzo"]
[Result "1-0"]
[WhiteElo "1701"]
[BlackElo "1617"]
[PlyCount "25"]
[EventDate "2012.01.13"]
[EventType "swiss"]
[EventRounds "5"]
[EventCountry "ITA"]
[SourceTitle "EXT 2023"]
[Source "ChessBase"]
[SourceDate "2022.10.05"]
[SourceVersion "1"]
[SourceVersionDate "2022.10.05"]
[SourceQuality "1"]

1. e4 Nc6 2. Nf3 e5 3. d4 exd4 4. Nxd4 Qh4 5. Nb5 Qxe4+ 6. Be3 Nb4 7. N1a3 Nd5 8. Qxd5 Qxd5 9. Nxc7+ Kd8 10. Nxd5 Bxa3 11. bxa3 Ne7 12. Nxe7 Kxe7 13. Bd3 1-0

[Event "Pescia op-A 4th"]
[Site "Pescia"]
[Date "2011.09.17"]
[Round "2"]
[White "Ambrosi, Arcangelo"]
[Black "Debernardi, Marco"]
[Result "1-0"]
[WhiteElo "1842"]
[BlackElo "1706"]
[PlyCount "129"]
[EventDate "2011.09.16"]
[EventType "swiss"]
[EventRounds "5"]
[EventCountry "ITA"]
[SourceTitle "EXT 2015"]
[Source "ChessBase"]
[SourceDate "2014.11.20"]
[SourceVersion "1"]
[SourceVersionDate "2014.11.20"]
[SourceQuality "1"]

1. e4 e6 2. d4 d5 3. Nc3 Bb4 4. Nge2 dxe4 5. a3 Bxc3+ 6. Nxc3 c5 7. Bb5+ Nc6 8. 0-0 Qxd4 9. Qxd4 cxd4 10. Nxe4 Ke7 11. f4 Nh6 12. Bd2 Nf5 13. Bxc6 bxc6 14. Bb4+ Ke8 15. g4 Ne3 16. Rf2 f5 17. Nd6+ Kd7 18. Nf7 Rg8 19. g5 Rb8 20. Rd2 Ke8 21. Nd6+ Kd7 22. Nf7 Ke8 23. Ne5 Bb7 24. Bc5 Ba8 25. b3 Rd8 26. Rc1 a6 27. a4 Bb7 28. c3 Ng4 29. Nxg4 fxg4 30. cxd4 Kf7 31. Kf2 h5 32. Kg3 g6 33. Re2 Rge8 34. a5 Ba8 35. Re5 Rd5 36. Rce1 Rxe5 37. fxe5 Rg8 38. Bd6 Bb7 39. Rc1 Re8 40. Rc4 Rd8 41. d5 exd5 42. Rf4+ Kg8 43. Rf6 Kg7 44. e6 c5 45. e7 Re8 46. Rf8 Bc6 47. Bxc5 Bb5 48. Kf4 Kh7 49. Ke5 h4 50. Kf4 g3 51. Rxe8 Bxe8 52. hxg3 hxg3 53. Kxg3 Kg7 54. Kf4 Kf7 55. Ke5 Bb5 56. Kxd5 Ke8 57. Ke6 Bd7+ 58. Kf6 Bf5 59. b4 Bd3 60. b5 Bxb5 61. Kxg6 Bd3+ 62. Kf6 Bh7 63. g6 Bg8 64. Kg7 Bd5 65. Kh8 1-0